| Поле | Инд. | ПП | Название | Значение |
|---|---|---|---|---|
| Тип записи | a | |||
| Библиографический уровень | m | |||
| 001 | Контрольный номер | 3eac01e0-e1c8-4788-b862-7ecf1343c349 | ||
| 005 | Дата корректировки | 20140226165704.1 | ||
| 008 | Кодируемые данные | 001228 d | ||
| 020 | a | ISBN | 5-06-000431-7 | |
| c | Цена, тираж | 24.89 | ||
| 040 | a | Служба первич. каталог. | НБ ТвГУ | |
| 041 | a | Код языка текста | rus | |
| 080 | a | Индекс УДК | 008(470)(091)(075.8) | |
| 084 | a | Индекс другой классификации/Индекс ББК | Т3(2)0-7я731-1 | |
| 090 | x | Авторский знак | З-47 | |
| a | Полочн. индекс | Т3(2) | ||
| 100 | 1_ | a | Автор | Зезина Мария Ростиславовна |
| 245 | 10 | a | Заглавие | История русской культуры |
| b | Продолж. заглавия | Учеб. пособие для студентов вузов, обучающихся по спец. "История" | ||
| c | Ответственность | М. Р. Зезина, Л. В. Кошман, В. С. Шульгин | ||
| 260 | 0_ | a | Место издания | Москва |
| c | Дата издания | 1990 | ||
| b | Издательство | Высшая школа | ||
| 300 | a | Объем | 431,[1] с. | |
| 504 | a | Библиография | Библиогр.: с.427-431. - Указ. имен: с.421-426. | |
| 583 | a | Действие | Приписка 448 19.12.2000 | |
| k | Исполнитель действия | Дар читателя | ||
| 650 | a | Основная рубрика | Культура | |
| x | Основная подрубрика | История | ||
| x | Основная подрубрика | Учебники для вузов | ||
| z | Географическая подрубрика | Россия | ||
| 650 | a | Основная рубрика | Русская культура | |
| 653 | a | Ключевые слова | История культуры | |
| a | Ключевые слова | История России | ||
| a | Ключевые слова | История русской культуры | ||
| a | Ключевые слова | Культура | ||
| a | Ключевые слова | Русская культура | ||
| a | Ключевые слова | Учебники | ||
| 700 | 1_ | a | Другие авторы | Кошман Лидия Васильевна |
| e | Роль лиц | авт. | ||
| 700 | 1_ | a | Другие авторы | Шульгин Владимир Сергеевич |
| e | Роль лиц | авт. | ||
| 852 | t | Порядковый номер экземпляра | 15 | |
| p | Инвентарный номер | 730450 24.89 | ||
| p | Инвентарный номер | 5401 - 14 экз. | ||
| 852 | t | Порядковый номер экземпляра | 3 | |
| p | Инвентарный номер | 610724 | ||
| p | Инвентарный номер | 5401 - 2 экз. | ||
| 852 | t | Порядковый номер экземпляра | 1 | |
| p | Инвентарный номер | 610725 | ||
| 888 | a | Бесплатные | ||
| 930 | a | Новая/Ретро | учебники | |
| 952 | p | 448.2000 24.89 1 730450 | ||
| c | Вид литературы | К ру | ||
| 954 | a | Дата поступления на обработку | 20001227 | |
| 999 | a | Подразделение 2 | уч.о | |
| a | Подразделение 2 | ч.з. | ||
| a | Подразделение 2 | аб. |